Software Construction Set for the IBM PC and PC jr

Enregistré dans:
Détails bibliographiques
Auteur principal: Anderson, Eric
Format: Livre
Langue:anglais
Publié: New Jersey Hayden Book Co. 1984
Édition:1. ed.
Tags: Ajouter un tag
Pas de tags, Soyez le premier à ajouter un tag!

MARC

LEADER 00000nam a2200000 4500
001 c027510
005 20221220085710.1
041 0 |a eng 
044 |a US 
245 1 0 |a Software Construction Set for the IBM PC and PC jr  |c Eric Anderson 
250 |a 1. ed. 
264 1 |a New Jersey  |b Hayden Book Co.  |c 1984 
300 |a 338 s. 
100 1 |a Anderson, Eric